00250nam a2200097Ia 4500001000800000005001700008008004100025020001800066245005000084260001800134127242420260417151428.0260417s9999 xx 000 0 und d a9786255998866 0aBaskervillelerin TazısıcArthur Conan Doyle bKetebe Genç